| 000 | 00356 a2200169 4500 | ||
|---|---|---|---|
| 001 | 56414 | ||
| 020 | _a8516002497 | ||
| 040 | _cAnchieta - Pituba | ||
| 100 | _aAzevedo, Ricardo | ||
| 240 | 1 | 0 |
_aO rei das pulgas _lpor |
| 245 | 1 | 0 | _aO rei das pulgas |
| 300 | _a46 | ||
| 362 | 0 | _a1990 | |
| 440 | 1 | _aModerna | |
| 650 | 4 | _aLiteratura juvenil | |
| 942 | _cBK | ||
| 999 |
_c56414 _d56414 |
||